000 01296nam a22002177a 4500
999 _c57248
_d57248
003 Ge_BSU
005 20200128153934.0
008 200128s2005 ||||| |||| 00| 0 geo d
020 _a9994007270
041 _ageo
080 _a342.4(4) ა-94
245 _aაღმოსავლეთ ევროპის ქვეყნების კონსტიტუციები :
_bწ. 1: /
_cავტ. კოლექტ. თამარ ალექსიძე ; ავთანდილ დემეტრაშვილი ; გიორგი ინაური და სხვ. რედ . ზურაბ ჯიბღაშვილი .
264 _aთბილისი :
_bინოვაცია,
_c2005.
300 _a528 გვ.:
_c20 სმ.
653 _aსამართალი
700 _aალექსიძე, თამარ
_eავტორთა კოლექტივი
_96435
700 _a დემეტრაშვილი, ავთანდილ
_eავტორთა კოლექტივი
_96436
700 _aინაური , გიორგი
_eავტორთა კოლექტივი
_96437
700 _aჯიბღაშვილი, ზურაბ
_eრედაქტორი
_96438
942 _2udc
_cBK